| 000 | 00641nam a22001937a 4500 | ||
|---|---|---|---|
| 999 |
_c8889 _d8889 |
||
| 003 | AR-CdUCM | ||
| 008 | 190326b ||||| |||| 00| 0 eng d | ||
| 020 | _a2-551-14601-1 | ||
| 040 |
_aMUNICIPALIDAD PROVINCIAL DEL CUSCO _cBIBLIOTECA MUNICIPAL DEL CUSCO |
||
| 082 |
_a720 / _bR42 |
||
| 100 |
_aReny, Claude _924714 |
||
| 245 | _aPrincipes et critéres de restauration et disertion / | ||
| 260 |
_aCanada : _bQuébec, _c1991. |
||
| 300 |
_a120 paginas ; _bIlustraciones, _c27 cm. |
||
| 505 | _aContenido :Principes et critéres de restauration et disertion / | ||
| 650 |
_aLiteratura inglesa _91015 |
||
| 942 |
_2ddc _cLIBROS |
||
| 945 | _arjall | ||